Разработка технологии изготовления безвольфрамовых твердых сплавов и износостойких покрытий: Заключительный отчет о НИР; Тема: х/д 4-21/83

Bibliografski detalji
Autor kompanije: Томский политехнический институт (ТПИ) (595)
Daljnji autori: Слосман А. И. (руководитель), Апаров Н. Н. (исполнитель)
Jezik:ruski
Izdano: Томск, 1984
Teme:
Format: Knjiga
KOHA link:https://koha.lib.tpu.ru/cgi-bin/koha/opac-detail.pl?biblionumber=157456

MARC

LEADER 00000nbm0a2200000 4500
001 157456
005 20231031153810.0
029 0 0 |a SU  |b 01830075053  |f ТПУ 
035 |a (RuTPU)RU\TPU\book\170795 
090 |a 157456 
100 |a 20090408d1984 k y0rusy50 ca 
101 0 |a rus 
102 |a RU 
105 |a a p 001zy 
200 1 |a Разработка технологии изготовления безвольфрамовых твердых сплавов и износостойких покрытий  |e Заключительный отчет о НИР  |e Тема: х/д 4-21/83  |f Томский политехнический институт (ТПИ) ; руководитель А. И. Слосман ; Н. Н. Апаров 
210 |a Томск  |d 1984 
215 |a 116 л. 
320 |a Библиогр.: с. 113-115. 
610 1 |a отчеты о НИР 
610 1 |a износостойкие покрытия 
610 1 |a способы нанесения 
610 1 |a активирование 
610 1 |a подложки 
610 1 |a методы оценки 
610 1 |a безвольфрамовые твердые сплавы 
675 |a 621.793(04)  |v 3 
702 1 |a Слосман  |b А. И.  |4 673 
702 1 |a Апаров  |b Н. Н.  |4 677 
712 0 2 |a Томский политехнический институт (ТПИ)  |c (1944-1991)  |2 stltpush  |3 (RuTPU)RU\TPU\col\1123  |4 595 
801 1 |a RU  |b 63413507  |c 20090408  |g PSBO 
942 |c BK